Loading...
History - American History | 0 | 6 | 0 | 2 | 60 | 90 | 109.17 | 0 | 0 |
History - World History | 0 | 5 | 0 | 2 | 50 | 118 | 120.40 | 0 | 0 |
Religion | 0 | 3 | 0 | 1 | 30 | 109 | 125.33 | 0 | 1 |
History - Other History | 0 | 2 | 0 | 1 | 20 | 114 | 115.00 | 0 | 0 |
Fine Arts - Visual Fine Arts | 0 | 2 | 1 | 0 | 15 | 58 | 90.50 | 0 | 1 |
Social Science | 0 | 1 | 0 | 0 | 10 | 78 | 78.00 | 0 | 0 |
Fine Arts - Other Fine Arts | 0 | 1 | 0 | 1 | 10 | 129 | 129.00 | 0 | 0 |
Geography/Current Events | 0 | 1 | 0 | 1 | 10 | 128 | 128.00 | 0 | 0 |
Pop Culture | 0 | 1 | 0 | 0 | 10 | 110 | 110.00 | 0 | 0 |
Fine Arts - Classical Music | 0 | 1 | 0 | 0 | 10 | 58 | 58.00 | 0 | 0 |
Science - Biology | 0 | 1 | 0 | 0 | 10 | 100 | 100.00 | 0 | 0 |
Science - Chemistry | 0 | 1 | 0 | 0 | 10 | 54 | 54.00 | 0 | 1 |
History - European History | 0 | 1 | 2 | 0 | 0 | 117 | 117.00 | 0 | 0 |